MESTSKÁ KNIŽNICA GIRALTOVCE  - online katalóg 

Kde raky spievajú (Record no. 23377)

000 -NÁVESTIE
fixed length control field 01571cam a2200457 4500
001 - EVIDENČNÉ ČÍSLO ZÁZNAMU - Kontrolné číslo
control field vtls011891532
005 - DÁTUM A ČAS POSLEDNEJ TRANSAKCIE
control field 20221006091133.0
008 - ÚDAJE S PEVNOU DĹŽKOU – VŠEOBECNÉ INFORMÁCIE
fixed length control field 210701s2019 xo er 010 f slo
020 ## - MEDZINÁRODNÉ ŠTANDARDNÉ ČÍSLO KNIHY (ISBN)
Medzinárodné štandardné číslo knihy (ISBN) 9788022210232
Qualifying information (viazané)
035 ## - Iný štandardný identifikátor
Iný štandardný identifikátor urn:nbn:sk:snk-am00fg3a
035 ## - Iný štandardný identifikátor
Iný štandardný identifikátor urn:nbn:sk:snk-am3isfq
035 ## - Iný štandardný identifikátor
Iný štandardný identifikátor 396B89D3-04FA-41A0-8405-14DFE0C9BBF9
040 ## - ZDROJ KATALOGIZÁCIE
Pôvodná katalogizujúca agentúra ZKSE
Jazyk katalogizácie slo
Prepisujúca agentúra ZKSE
Modifikujúca agentúra SNK
Konvencie popisu rda
041 1# - KÓD JAZYKA
Kód jazyka textu/zvukovej stopy alebo samostatných nápisov slo
Kód jazyka originálu a/alebo sprostredkujúcich prekladov textu eng
044 ## - KÓD KRAJINY VYDAVATEĽA/PRODUCENTA
Kód krajiny MARC xo
Kód krajiny ISO SK
072 #7 - KÓD PREDMETOVEJ KATEGÓRIE
Kód predmetovej kategórie 821.111(73)-3
Pododdiel kódu predmetovej kategórie Americká próza
Zdroj konspekt
080 ## - ČÍSLO MEDZINÁRODNÉHO DESATINNÉHO TRIEDENIA (MDT)
Číslo Medzinárodného desatinného triedenia (MDT) 821.111(73)-31
Identifikátor vydania 2011
080 ## - ČÍSLO MEDZINÁRODNÉHO DESATINNÉHO TRIEDENIA (MDT)
Číslo Medzinárodného desatinného triedenia (MDT) (0:82-312.4)
Identifikátor vydania 2011
080 ## - ČÍSLO MEDZINÁRODNÉHO DESATINNÉHO TRIEDENIA (MDT)
Číslo Medzinárodného desatinného triedenia (MDT) (0:82-312.5)
Identifikátor vydania 2011
100 1# - OSOBNÉ MENÁ – VŠEOBECNÉ INFORMÁCIE
Osobné meno Owens, Delia,
Dátumy súvisiace s menom 1949-
Kód roly aut
-- 3556
240 10 - UNIFIKOVANÝ NÁZOV
Unifikovaný názov Where the crawdads sing
Jazyk diela Slovensky
245 10 - NÁZOV
Názov Kde raky spievajú
Údaj o zodpovednosti atď. Delia Owensová ; z anglického originálu Where the crawdads sing ... preložila Marianna Bachledová
250 ## - ÚDAJ O PORADÍ VYDANIA
Údaj o poradí vydania Vydanie I.
264 #1 - VYDAVATEĽSKÉ ÚDAJE, DISTRIBÚCIA ATĎ. - RDA
Miesto publikovania, distribúcie atď. Bratislava
Názov vydavateľa, distibútora atď. Tatran
Dátum publikovania, distribúcie atď. 2019
300 ## - FYZICKÝ POPIS
Rozsah 297 strán
Rozmery 24 cm
336 ## - TYP OBSAHU
Typ obsahu - termín text
Typ obsahu - kód txt
Zdroj rdacontent
337 ## - TYP MÉDIA
Typ média - termín bez média
Typ média - kód n
Zdroj rdamedia
338 ## - TYP NOSIČA
Typ nosiča - termín zväzok
Typ nosiča - kód nc
Zdroj rdacarrier
490 1# - EDÍCIA
Edícia LUK - Knižnica svetových bestsellerov
Zväzok/sekvenčné označenie 164. zväzok
655 #7 - INDEXAČNÝ TERMÍN – ŽÁNER/FORMA
Údaje o žánri/forme alebo termín, ktorý je prvok fazety americké romány
Zdroj termínu SNKPH
-- 2
655 #7 - INDEXAČNÝ TERMÍN – ŽÁNER/FORMA
Údaje o žánri/forme alebo termín, ktorý je prvok fazety American novels
Zdroj termínu SNKPHeng
-- 1670
655 #7 - INDEXAČNÝ TERMÍN – ŽÁNER/FORMA
Údaje o žánri/forme alebo termín, ktorý je prvok fazety Detective novels
Zdroj termínu SNKPHeng
-- 1711
655 #7 - INDEXAČNÝ TERMÍN – ŽÁNER/FORMA
Údaje o žánri/forme alebo termín, ktorý je prvok fazety detektívne romány
Zdroj termínu SNKPH
-- 1710
655 #7 - INDEXAČNÝ TERMÍN – ŽÁNER/FORMA
Údaje o žánri/forme alebo termín, ktorý je prvok fazety ľúbostné romány
Zdroj termínu SNKPH
-- 13
655 #7 - INDEXAČNÝ TERMÍN – ŽÁNER/FORMA
Údaje o žánri/forme alebo termín, ktorý je prvok fazety Love novels
Zdroj termínu SNKPHeng
-- 1667
700 1# - PRIDANÝ VSTUP – OSOBNÉ MENO
Osobné meno Bachledová, Marianna,
Dátumy súvisiace s menom 1989-
Kód roly trl
-- 3557
700 1# - PRIDANÝ VSTUP – OSOBNÉ MENO
Osobné meno Vinczeová, Barbora,
Dátumy súvisiace s menom 1992-
Kód roly trl
-- 3558
958 ## - Formálny deskriptor
Formálny deskriptor OND
958 ## - Formálny deskriptor
Formálny deskriptor LX
958 ## - Formálny deskriptor
Formálny deskriptor UP
Holdings
Stav stiahnutia (Blokovanie) (Withrawn status) Stav straty Zdroj klasifikácie pre skladovanie Stav poškodenia (Damaged status) Nie pre výpožičky (Not for loan) Spôsob nadobudnutia (Collection code) Trvalé umiestnenie Aktuálne umiestnenie Dátum nadobudnutia Náklady, bežná kúpna cena Inventárne číslo (prírastkové číslo) Celkom výpožičky Celkom prolongácie (predĺženia) Full call number Čiarový kód Dátum posledného výskytu Dátum poslednej výpôžičky Cena s účinnosťou od Typ jednotky Koha
          Kúpa Mestská knižnica Giraltovce Mestská knižnica Giraltovce 2022-10-06 12.00 21710 9 4 B10521 B10521 2025-10-10 2025-04-11 2022-10-06 Krásna literatúra pre dospelých

Powered by Koha